000 00686nam a2200181Ia 4500
003 GCL
008 140319s9999 xx 000 0 ara d
040 _aGCL /
_cGCL
082 0 4 _a863.03
_bم و
100 1 _aمحمود موعد
245 1 0 _aالوقائع الغريبة والحزينة لأرانديرا الطيبة وجدتها الشيطانية : رواية (هدية من الاديب عبدالفتاح الجمل) /
_cمحمود موعد
700 1 _aماركيز ، جابرييل جارسيا
300 _a67 ص
490 _a
650 0 4 _aالقصة الاسبانية المترجمة
650 0 4 _aالادب الاسبانى المترجم
942 _2ddc
_cBK
999 _c47409
_d47409